[Event "XLVIII C.to Italiano"]
[Site "Chianciano Terme ITA"]
[Date "1988.04.??"]
[Round "1"]
[White "Marinelli, Tullio"]
[Black "Godena, Michele"]
[Result "0-1"]
[WhiteElo "2200"]
[BlackElo "2430"]
[PlyCount "112"]
[EventDate "1988.04.16"]

1. d4 e6 2. c4 d5 3. Nc3 Bb4 4. Nf3 Ne7 5. Bg5 f6 6. Bd2 O-O 7. e3 c5 8. a3
Bxc3 9. Bxc3 cxd4 10. exd4 Nbc6 11. Be2 b6 12. O-O Bb7 13. Re1 Qd7 14. b4 dxc4
15. Bxc4 Nd5 16. Qb3 Nce7 17. b5 Rfc8 18. Bd2 Rc7 19. Rac1 Rac8 20. Bd3 Rxc1
21. Rxc1 Rxc1+ 22. Bxc1 Nc7 23. Bf4 Bd5 24. Qb1 Bxf3 25. Bxc7 Qxc7 26. gxf3 Kf7
27. Qb3 Qc1+ 28. Bf1 Nd5 29. f4 Qxf4 30. Qc4 Qc7 31. Qd3 g6 32. Qh3 h5 33. Qb3
f5 34. h3 Kf6 35. Bg2 Qc1+ 36. Kh2 Qf4+ 37. Kg1 Qxd4 38. Bxd5 Qxd5 39. Qc3+ Qe5
40. Qb4 Qc5 41. Qb2+ e5 42. a4 f4 43. Qd2 Qd4 44. Qc2 e4 45. h4 e3 46. Qc6+ Kg7
47. Qc7+ Kh6 48. Qf7 e2 49. Qf8+ Qg7 50. Qxf4+ Kh7 51. Qc1 Qd4 52. Qc7+ Kh6 53.
Qc1+ Kh7 54. Qc7+ Qg7 55. Qc1 Qe5 56. Qe1 Qe4 0-1

[Event "XLVIII C.to Italiano"]
[Site "Chianciano Terme ITA"]
[Date "1988.04.??"]
[Round "3"]
[White "Marinelli, Tullio"]
[Black "Braga, Fernando Alberto"]
[Result "1-0"]
[WhiteElo "2200"]
[BlackElo "2425"]
[PlyCount "59"]
[EventDate "1988.04.16"]

1. d4 d5 2. Nf3 Nf6 3. c4 c6 4. Nc3 dxc4 5. a4 Bf5 6. e3 e6 7. Bxc4 Nbd7 8. Qe2
Bb4 9. O-O O-O 10. e4 Bg6 11. Bd3 Bh5 12. e5 Nd5 13. Ne4 c5 14. Bg5 Qc7 15.
Rfc1 f6 16. exf6 gxf6 17. Ng3 Bf7 18. Qe4 f5 19. Nxf5 N7f6 20. Nh6+ Kg7 21. Qh4
Bg6 22. Bxg6 hxg6 23. Ng4 Nxg4 24. Qxg4 Qd6 25. Ne5 Rg8 26. Nxg6 Nf6 27. Qh4
Qxd4 28. Nf4 Kf7 29. Rd1 Qxb2 30. Bxf6 1-0

[Event "XLVIII C.to Italiano"]
[Site "Chianciano Terme ITA"]
[Date "1988.04.??"]
[Round "4"]
[White "Marinelli, Tullio"]
[Black "Vezzosi, Paolo"]
[Result "0-1"]
[WhiteElo "2200"]
[BlackElo "2270"]
[PlyCount "92"]
[EventDate "1988.04.16"]

1. d4 Nf6 2. c4 e6 3. Nc3 Bb4 4. Bg5 h6 5. Bh4 c5 6. d5 d6 7. f3 Bxc3+ 8. bxc3
e5 9. e4 Nbd7 10. Bd3 Qa5 11. Ne2 Nh5 12. Qb3 Nf4 13. Nxf4 exf4 14. Be2 Rg8 15.
Kd2 b6 16. Qb5 g5 17. Bf2 Ba6 18. Qb3 Ne5 19. a4 O-O-O 20. g3 Rde8 21. Rag1 Kb8
22. h4 Bc8 23. hxg5 hxg5 24. Rh6 Kc7 25. gxf4 gxf4 26. Rf6 Bd7 27. Rxf4 Rxg1
28. Bxg1 Rg8 29. Bf2 Rg2 30. Ke1 Bxa4 31. Qb2 Be8 32. Kf1 Rh2 33. Rf6 Rh1+ 34.
Bg1 Qa4 35. Kg2 Rh7 36. Bh2 Nxc4 37. Bxc4 Qxc4 38. Bxd6+ Kb7 39. Bf8 Bb5 40.
Rh6 Qf1+ 41. Kg3 Rxh6 42. Bxh6 Be2 43. Qd2 Qxf3+ 44. Kh2 Qh5+ 45. Kg3 Qg4+ 46.
Kh2 Qh4+ 0-1

[Event "XLVIII C.to Italiano"]
[Site "Chianciano Terme ITA"]
[Date "1988.04.??"]
[Round "5"]
[White "Bellia, Fabrizio"]
[Black "Marinelli, Tullio"]
[Result "0-1"]
[WhiteElo "2265"]
[BlackElo "2200"]
[PlyCount "80"]
[EventDate "1988.04.16"]

1. e4 c5 2. Nf3 d6 3. d4 cxd4 4. Nxd4 Nf6 5. Nc3 a6 6. f4 e5 7. Nf3 Nbd7 8. Bd3
Be7 9. O-O O-O 10. Kh1 b5 11. Qe1 b4 12. Nd5 Nxd5 13. exd5 Nc5 14. Bc4 e4 15.
Nd4 a5 16. Nc6 Qc7 17. Nxe7+ Qxe7 18. f5 f6 19. a3 Ba6 20. Bxa6 Nxa6 21. Bf4
Rfc8 22. Qg3 Rxc2 23. axb4 Nxb4 24. Bxd6 Qb7 25. Bxb4 Qxb4 26. Rfd1 Rd8 27. Qa3
Qxa3 28. bxa3 Rc5 29. Re1 Rdxd5 30. Rxe4 Rxf5 31. h3 Rfe5 32. Rd4 Red5 33. Re4
h5 34. Re3 Rc2 35. Rg3 h4 36. Rg4 g5 37. Rb1 Kf7 38. a4 Kg6 39. Rb6 Rc1+ 40.
Kh2 Rdd1 0-1

[Event "XLVIII C.to Italiano"]
[Site "Chianciano Terme ITA"]
[Date "1988.04.??"]
[Round "6"]
[White "Marinelli, Tullio"]
[Black "Tatai, Stefano"]
[Result "0-1"]
[WhiteElo "2200"]
[BlackElo "2380"]
[PlyCount "100"]
[EventDate "1988.04.16"]

1. d4 Nf6 2. c4 e6 3. Nc3 Bb4 4. Bg5 h6 5. Bh4 c5 6. d5 Bxc3+ 7. bxc3 d6 8. f3
e5 9. e4 Nbd7 10. Bd3 Nf8 11. Ne2 g5 12. Bf2 Ng6 13. g3 Qe7 14. Qc2 Kd8 15.
O-O-O Bd7 16. Rhe1 Kc7 17. Qb1 b6 18. Rd2 Nh5 19. Be3 Rhb8 20. Rb2 Qe8 21. Rf1
Nf6 22. Rf2 Qe7 23. Ng1 Rg8 24. Rb3 Rgb8 25. Rfb2 Qe8 26. Ra3 Qc8 27. Kd2 Qe8
28. Qf1 a5 29. Qb1 a4 30. Bf1 Qc8 31. Qd3 Ng8 32. Kc1 N8e7 33. Bg2 f6 34. Qf1
h5 35. Bh3 g4 36. Bg2 Qh8 37. h3 f5 38. exf5 Nxf5 39. Bf2 Qh6+ 40. Kb1 gxh3 41.
Bxh3 h4 42. g4 Ng3 43. Bxg3 hxg3 44. g5 Bxh3 45. Nxh3 Qh7 46. Ka1 Rh8 47. Ng1
Nf4 48. Rd2 Qf5 49. Qc1 Rh2 50. Qb2 Qd3 0-1

[Event "XLVIII C.to Italiano"]
[Site "Chianciano Terme ITA"]
[Date "1988.04.??"]
[Round "7"]
[White "Arlandi, Ennio"]
[Black "Marinelli, Tullio"]
[Result "1-0"]
[WhiteElo "2405"]
[BlackElo "2200"]
[PlyCount "77"]
[EventDate "1988.04.16"]

1. d4 Nf6 2. c4 e6 3. Nc3 Bb4 4. Qc2 c5 5. dxc5 O-O 6. a3 Bxc5 7. Nf3 Nc6 8.
Bg5 Be7 9. Rd1 b6 10. e4 Bb7 11. Be2 Ne8 12. Be3 Bf6 13. O-O Bxc3 14. Qxc3 Qc7
15. Nd4 Nxd4 16. Qxd4 Bc6 17. b4 d6 18. f3 h6 19. b5 Bb7 20. a4 Bc8 21. Qd3 e5
22. f4 exf4 23. Bxf4 Be6 24. Qg3 Kh7 25. Kh1 Rc8 26. Rd4 Qe7 27. Bc1 Kh8 28.
Ba3 f6 29. Rc1 Rc7 30. Rxd6 Rg8 31. Rd4 Qf7 32. c5 bxc5 33. Rxc5 Rd7 34. Qe3 f5
35. exf5 Rxd4 36. Qxd4 Bxf5 37. Rc6 Nf6 38. Bc4 Re8 39. Bxf7 1-0

[Event "XLVIII C.to Italiano"]
[Site "Chianciano Terme ITA"]
[Date "1988.04.??"]
[Round "8"]
[White "Marinelli, Tullio"]
[Black "Vallifuoco, Giacomo"]
[Result "1/2-1/2"]
[WhiteElo "2200"]
[BlackElo "2350"]
[PlyCount "23"]
[EventDate "1988.04.16"]

1. d4 d5 2. Nf3 Nf6 3. c4 c6 4. Nc3 dxc4 5. a4 Bf5 6. e3 e6 7. Bxc4 Bb4 8. O-O
Nbd7 9. Nh4 Bg4 10. f3 Bh5 11. g4 Bg6 12. Ng2 1/2-1/2

[Event "XLVIII C.to Italiano"]
[Site "Chianciano Terme ITA"]
[Date "1988.04.??"]
[Round "9"]
[White "Sibilio, Mario"]
[Black "Marinelli, Tullio"]
[Result "1-0"]
[WhiteElo "2320"]
[BlackElo "2200"]
[PlyCount "79"]
[EventDate "1988.04.16"]

1. Nf3 Nf6 2. g3 d6 3. c4 e5 4. Nc3 Be7 5. Bg2 O-O 6. O-O c6 7. e4 Qc7 8. d4
Nbd7 9. Be3 Re8 10. h3 Bf8 11. d5 cxd5 12. cxd5 Qb8 13. b4 Nb6 14. Qd3 Bd7 15.
Rfc1 Rc8 16. Nd2 Rc7 17. Nb5 Rxc1+ 18. Rxc1 Ne8 19. Bf1 Be7 20. Nb3 Bd8 21. Na5
a6 22. Na3 Na4 23. N3c4 b5 24. Nd2 Bxa5 25. bxa5 Qd8 26. Nb3 Rc8 27. Qd2 Rxc1
28. Qxc1 Qc8 29. Qxc8 Bxc8 30. Nd2 Nf6 31. f3 Nd7 32. Nb1 Ndc5 33. g4 f6 34.
Kf2 g6 35. Nd2 f5 36. gxf5 gxf5 37. f4 exf4 38. Bxf4 Nc3 39. exf5 Bxf5 40. Bg2
1-0

[Event "XLVIII C.to Italiano"]
[Site "Chianciano Terme ITA"]
[Date "1988.04.??"]
[Round "10"]
[White "Marinelli, Tullio"]
[Black "Belotti, Bruno"]
[Result "0-1"]
[WhiteElo "2200"]
[BlackElo "2340"]
[PlyCount "76"]
[EventDate "1988.04.16"]

1. d4 Nf6 2. c4 g6 3. Nc3 Bg7 4. e4 d6 5. f3 O-O 6. Be3 b6 7. Bd3 Nfd7 8. h4 c5
9. Nge2 Nc6 10. Bc2 Ba6 11. d5 Nb4 12. b3 b5 13. cxb5 Bxb5 14. Qd2 Qa5 15. Rc1
Nxa2 16. Nxa2 Qxa2 17. h5 Ne5 18. Nc3 Qa5 19. Nxb5 Qxb5 20. Kf2 a5 21. Bh6 Qb4
22. Qf4 Qd4+ 23. Ke2 Nd7 24. hxg6 fxg6 25. Qg4 Bxh6 26. Rxh6 Qg7 27. Qe6+ Rf7
28. Rhh1 Nb6 29. Rb1 Qf6 30. Qh3 c4 31. bxc4 Nxc4 32. Bd3 Qd4 33. Bxc4 Qxc4+
34. Ke3 Qc3+ 35. Ke2 Qc2+ 36. Ke3 Rc8 37. Rhd1 Rc3+ 38. Kd4 Rd3+ 0-1

[Event "XLVIII C.to Italiano"]
[Site "Chianciano Terme ITA"]
[Date "1988.04.??"]
[Round "11"]
[White "Zichichi, Alvise"]
[Black "Marinelli, Tullio"]
[Result "1/2-1/2"]
[WhiteElo "2350"]
[BlackElo "2200"]
[PlyCount "32"]
[EventDate "1988.04.16"]

1. d4 Nf6 2. Nf3 e6 3. e3 b6 4. Bd3 Bb7 5. O-O Be7 6. Nbd2 d5 7. Ne5 O-O 8. Qf3
Nbd7 9. Qh3 c5 10. f4 Ne4 11. Ndf3 Nxe5 12. dxe5 Qc7 13. Bd2 Rad8 14. Be1 h6
15. Bh4 Bxh4 16. Qxh4 Qc6 1/2-1/2